|
|
|
|
| LEADER |
00000cam a2200000 i 4500 |
| 001 |
1/9469 |
| 008 |
000813s1995 eng d |
| 020 |
|
|
|a 0-201-84961-5
|
| 035 |
|
|
|l 10063063
|
| 040 |
|
|
|a GR-MY-UA
|b gre
|e aacr
|
| 041 |
0 |
|
|a eng
|
| 082 |
0 |
|
|a 428.24
|
| 100 |
1 |
|
|a Phillips, Deborah,
|d 1952-
|
| 245 |
1 |
0 |
|a Longman preparation course for the TOEFL test.
|n Volume B,
|p Practice tests /
|c Deborah Phillips
|
| 246 |
3 |
3 |
|a Preparation course for the TOEFL test
|
| 250 |
|
|
|a 2nd ed.
|
| 260 |
|
|
|a White Plains, N.Y. :
|b Longman,
|c 1995
|
| 300 |
|
|
|a ix, 198 p.;
|b ill.;
|c 28 cm
|
| 650 |
0 |
0 |
|a English language
|v Textbooks for foreign speakers.
|
| 852 |
|
|
|a INST
|b CHIOS
|e 20000813
|h 428.24 PHI
|p 005200018199
|q 005200018199
|t BK
|y 0
|
| 901 |
|
|
|a BIBL2-2000-2
|
| 909 |
|
|
|a Χ
|b 075661
|
| 970 |
|
|
|z 2000/08/ΠΕΤΡΟΣ
|